000 00844cam a2200325 4500
008 090401t1995 xxu||||| |||| 00| 0 eng d
020 _a0421470909
035 _a(Sirsi) u6770
041 _aeng
050 _a614.7026
100 _aBurnett-Hall, Richard
245 _aEnvironmental law.
260 _aLondon
_bSweet and Maxwell
_c1995
300 _acxxxiii, 1168p. ; 26cm.
350 _a125
650 _aAIR POLLUTION
650 _aEnvironment
_96238
650 _aENVIRONMENTAL IMPACT ASSESSMENTS
650 _aENVIRONMENTAL LAW
650 _aINTEGRATED POLLUTION CONTROL
650 _aLAW
650 _aNATURE CONSERVATION
650 _aPESTICIDES
650 _aWASTE CONTROL
650 _aWATER POLLUTION
690 _aENVIRONMENTAL AND LAND CONSULTANCY
690 _aLAW
942 _n0
948 _c04/03/1997
999 _c86347
_d86347